|
|
|
|
| LEADER |
00000nam0a2200000 4500 |
| 001 |
315223 |
| 005 |
20231102002745.0 |
| 035 |
|
|
|a (RuTPU)RU\TPU\book\340656
|
| 090 |
|
|
|a 315223
|
| 100 |
|
|
|a 20160226d1953 m y0rusy50 ca
|
| 101 |
0 |
|
|a rus
|
| 102 |
|
|
|a RU
|
| 105 |
|
|
|a a j 001zy
|
| 200 |
1 |
|
|a Занимательные задачи
|e пособие для учителей начальных школ
|f Г. Б. Поляк
|
| 205 |
|
|
|a 3-е изд.
|
| 210 |
|
|
|a Москва
|c Учпедгиз
|d 1953
|
| 215 |
|
|
|a 95 с.
|c ил.
|
| 320 |
|
|
|a Библиогр.: с. 4
|
| 606 |
1 |
|
|a Математика занимательная
|2 stltpush
|3 (RuTPU)RU\TPU\subj\41196
|9 61007
|
| 610 |
1 |
|
|a системы счисления
|
| 610 |
1 |
|
|a числа
|
| 610 |
1 |
|
|a интересные действия
|
| 610 |
1 |
|
|a занимательные задачи
|
| 610 |
1 |
|
|a занимательные фигуры
|
| 610 |
1 |
|
|a задачи-смекалки
|
| 610 |
1 |
|
|a игры
|
| 675 |
|
|
|a 51-8(076)
|v 4
|
| 700 |
|
1 |
|a Поляк
|b Г. Б.
|
| 801 |
|
1 |
|a RU
|b 63413507
|c 20160226
|
| 801 |
|
2 |
|a RU
|b 63413507
|c 20200707
|g RCR
|
| 942 |
|
|
|c BK
|